| 000 | 00816nac a22002657a 4500 | ||
|---|---|---|---|
| 001 | BR6700031 | ||
| 003 | BR-BrBNA | ||
| 005 | 20240105113314.0 | ||
| 008 | 230509b bl.|||m| |||| 00| 0 por d | ||
| 040 |
_aBR-BrBNA _bpor _cBiblioteca Nacional de Agricultura |
||
| 072 | _aP00 | ||
| 090 | _aP00 BR6700031 | ||
| 100 | 1 | _aAguirre, A.C. | |
| 110 | 1 | _aServico de Informacao Agricola, Rio de Janeiro, GB (Brasil) | |
| 245 | 1 | _aContribuicao a um plano visando a preservacao da fauna [Recurso natural; Brasil] | |
| 260 | 3 |
_aRio de Janeiro, GB (Brasil): _c1967. |
|
| 300 | _a14 p. | ||
| 490 |
_aSIA (Brazil) _vno. 885 _x |
||
| 500 | _a12 ref.; Summary (En) | ||
| 650 | _aRecurso natural | ||
| 650 | _aFauna | ||
| 650 | _aConservacao | ||
| 909 |
_a202312 _bLúcia Elande _c55 _dLúcia Elande |
||
| 942 |
_2AGRIS _n0 _cMS |
||
| 999 |
_c263000 _d263000 |
||